Miss Bindergarten stays home from kindergarten / (Record no. 7552)

MARC details
000 -LEADER
fixed length control field 01064nam a22003017a 4500
001 - CONTROL NUMBER
control field 7552
003 - CONTROL NUMBER IDENTIFIER
control field FISKH
005 - DATE AND TIME OF LATEST TRANSACTION
control field 20250819111842.0
008 - FIXED-LENGTH DATA ELEMENTS--GENERAL INFORMATION
fixed length control field 250724b cb ||||| |||| 00| 0 eng d
040 ## - CATALOGING SOURCE
Original cataloging agency FISKH
Language of cataloging eng
Transcribing agency FISKH
Modifying agency FISKH
050 ## - LIBRARY OF CONGRESS CALL NUMBER
Classification number PZ8.S629 M
082 ## - DEWEY DECIMAL CLASSIFICATION NUMBER
Classification number 813
100 ## - MAIN ENTRY--PERSONAL NAME
Personal name Slate, Joseph
245 ## - TITLE STATEMENT
Title Miss Bindergarten stays home from kindergarten /
Statement of responsibility, etc. by Joseph Slate ; illustrated by Ashley wolff
250 ## - EDITION STATEMENT
Edition statement First Scholastic printing, September 2002
260 ## - PUBLICATION, DISTRIBUTION, ETC.
Place of publication, distribution, etc. New York :
Name of publisher, distributor, etc. Scholastic,
Date of publication, distribution, etc. 2000.
300 ## - PHYSICAL DESCRIPTION
Extent 40 unnumbered pages :
Other physical details color illustrations ;
Dimensions 28 cm
490 ## - SERIES STATEMENT
Series statement Miss Bindergarten
505 ## - FORMATTED CONTENTS NOTE
Formatted contents note L<br/>
520 ## - SUMMARY, ETC.
Summary, etc. Introduces the letters of the alphabet while telling what happened at kindergarten when Miss Bindergarten was too ill to come to school.<br/>
521 8# - TARGET AUDIENCE NOTE
Target audience note 520<br/>
Source Lexile AD <br/>
521 8# - TARGET AUDIENCE NOTE
Target audience note L<br/>
Source Raz-Plus<br/>
650 ## - SUBJECT ADDED ENTRY--TOPICAL TERM
Topical term or geographic name entry element Alphabet Book
Form subdivision Fiction
General subdivision Animals
650 ## - SUBJECT ADDED ENTRY--TOPICAL TERM
Topical term or geographic name entry element Back to School
Form subdivision Kindergarten
General subdivision Substitute Teacher
700 ## - ADDED ENTRY--PERSONAL NAME
Personal name Wolff, Ashley
Relator term illustrator
942 ## - ADDED ENTRY ELEMENTS (KOHA)
Source of classification or shelving scheme Dewey Decimal Classification
Koha item type Books
Suppress in OPAC No
Holdings
Withdrawn status Lost status Source of classification or shelving scheme Damaged status Not for loan Collection Home library Current library Shelving location Date acquired Total Checkouts Full call number Barcode Date last seen Copy number Price effective from Koha item type
    Dewey Decimal Classification     Juvenile Fiction Footprints International School Library Network Toul Kork Campus Footprints International School Library Network Toul Kork Campus TK Primary Library Room(4th Floor), Bookcase 3&4, Shelves 17-32, Yellow Books 07/24/2025   SLA 813 PZ8.S629 M FISBK06186 07/24/2025 1 07/24/2025 Books
    Dewey Decimal Classification     Juvenile Fiction Footprints International School Library Network Toul Tom Poung Campus Footprints International School Library Network Toul Tom Poung Campus TTP Primary Yellow Bookshelves 08/19/2025   SLA 813 PZ8.S629 M FISTK01958 08/19/2025 2 08/19/2025 Books